[Event "Leamington Spa 4NCL op-C 28th"]
[Site "Leamington Spa"]
[Date "2022.07.10"]
[Round "5"]
[White "Khomytska, Kateryna"]
[Black "Salisbury, Paul"]
[Result "0-1"]
[WhiteElo "1297"]
[BlackElo "1692"]
[PlyCount "140"]
[EventDate "2022.07.08"]
[EventType "swiss"]
[EventRounds "5"]
[EventCountry "ENG"]
[SourceTitle "CBM 209 Extra"]
[Source "ChessBase"]
[SourceDate "2022.09.30"]
[SourceVersion "1"]
[SourceVersionDate "2022.09.30"]
[SourceQuality "1"]

1. e4 d6 2. d4 Nf6 3. Nc3 c6 4. Nf3 Qc7 5. Bf4 Qa5 6. Bd3 Bg4 7. h3 Bxf3 8. Qxf3 e5 9. dxe5 dxe5 10. Bg5 Nbd7 11. Bc4 Be7 12. 0-0 0-0 13. Qg3 Rfe8 14. Rad1 Rad8 15. Rfe1 Qc7 16. Qf3 b5 17. Bb3 Nc5 18. Bxf6 Bxf6 19. Ne2 Nxb3 20. axb3 Rxd1 21. Rxd1 Rd8 22. Ng3 Rxd1+ 23. Qxd1 Qd8 24. Qxd8+ Bxd8 25. Nf5 a5 26. Kf1 Bg5 27. Ke2 Kf8 28. Kd3 Bd8 29. g3 g6 30. Ne3 Ke7 31. c4 Ke6 32. cxb5 cxb5 33. Nd5 f5 34. Nc3 Kd6 35. Nd5 h5 36. b4 axb4 37. b3 h4 38. Ne3 hxg3 39. fxg3 f4 40. gxf4 exf4 41. Ng4 Bh4 42. e5+ Kd5 43. Nh2 Bd8 44. Nf3 Bc7 45. Nh4 g5 46. Nf3 Bd8 47. Nd4 Be7 48. Nf3 Bd8 49. Nd4 Bb6 50. e6 Bd8 51. Nf3 Kxe6 52. Ke4 Bf6 53. Ne1 Be7 54. Nc2 Bc5 55. Ne1 Be7 56. Nd3 Kf6 57. Ne5 Bd6 58. Nf3 Kg6 59. Kd5 Bf8 60. Ke6 Kh5 61. Kf6 g4 62. hxg4+ Kxg4 63. Ne5+ Kg3 64. Ke6 f3 65. Nxf3 Kxf3 66. Kd5 Ke3 67. Kc6 Kd4 68. Kxb5 Kc3 69. Ka4 Be7 70. Ka5 Kxb3 0-1

[Event "Guernsey Holiday op 43rd"]
[Site "Guernsey"]
[Date "2017.10.18"]
[Round "4"]
[White "Salisbury, Paul"]
[Black "Collins, Alan"]
[Result "1-0"]
[WhiteElo "1650"]
[BlackElo "1700"]
[PlyCount "70"]
[EventDate "2017.10.15"]
[EventType "swiss"]
[EventRounds "7"]
[EventCountry "GCI"]
[SourceTitle "EXT 2020"]
[Source "ChessBase"]
[SourceDate "2019.10.17"]
[SourceVersion "1"]
[SourceVersionDate "2019.10.17"]
[SourceQuality "1"]

1. e4 d6 2. d4 Nf6 3. Nc3 c6 4. f4 Qa5 5. Bd2 e5 6. Nd5 Qd8 7. Nxf6+ Qxf6 8. Nf3 exd4 9. f5 h6 10. g4 Nd7 11. h4 Qe7 12. Qe2 Nf6 13. Nxd4 Qxe4 14. 0-0-0 Qxe2 15. Bxe2 Bd7 16. Bf3 0-0-0 17. Rhe1 d5 18. Ne6 Re8 19. Nxf8 Rhxf8 20. Bb4 Rxe1 21. Bxf8 Rxd1+ 22. Kxd1 Ne8 23. Kd2 h5 24. Ke3 hxg4 25. Bxg4 Nf6 26. Bxg7 Nh7 27. Kf4 Kd8 28. Ke5 Ke8 29. Kd6 Kd8 30. c3 Bc8 31. Bh5 Bxf5 32. Bxf7 Be4 33. h5 Bf5 34. Bg6 Bxg6 35. hxg6 Ng5 1-0

[Event "Guernsey Holiday op 43rd"]
[Site "Guernsey"]
[Date "2017.10.15"]
[Round "1"]
[White "Salisbury, Paul"]
[Black "Dennis, Nigel W"]
[Result "0-1"]
[WhiteElo "1650"]
[BlackElo "1785"]
[PlyCount "98"]
[EventDate "2017.10.15"]
[EventType "swiss"]
[EventRounds "7"]
[EventCountry "GCI"]
[SourceTitle "EXT 2020"]
[Source "ChessBase"]
[SourceDate "2019.10.17"]
[SourceVersion "1"]
[SourceVersionDate "2019.10.17"]
[SourceQuality "1"]

1. e4 c5 2. Nf3 e6 3. c3 d5 4. exd5 Qxd5 5. d4 Nf6 6. Bd3 Nc6 7. 0-0 Be7 8. Na3 cxd4 9. Nb5 Qd8 10. Nbxd4 Nxd4 11. Nxd4 0-0 12. Re1 a6 13. a4 Qc7 14. Bg5 e5 15. Nf5 Bxf5 16. Bxf5 Rfe8 17. Qf3 Nd5 18. Bxe7 Nxe7 19. Be4 Rab8 20. Rad1 b5 21. axb5 axb5 22. Re3 g6 23. Qf6 Rb6 24. Qh4 Rd8 25. Rxd8+ Qxd8 26. Rd3 Rd6 27. Rxd6 Qxd6 28. h3 Kg7 29. Bf3 Nf5 30. Qe4 Qc5 31. Be2 Nd6 32. Qd3 f5 33. g3 Kf6 34. Qf3 Ne4 35. Bd3 Ng5 36. Qg2 e4 37. Be2 b4 38. h4 Ne6 39. cxb4 Qxb4 40. f3 Qxb2 41. fxe4 Qd4+ 42. Kh2 Qxe4 43. Bf3 Qe5 44. Qa2 f4 45. g4 h6 46. Qa8 Qb2+ 47. Kh3 Qf2 48. Qh8+ Ke7 49. Qh7+ Kd6 0-1

[Event "Wetherby 4NCL op-B 6th"]
[Site "Wetherby"]
[Date "2016.01.09"]
[Round "2"]
[White "Salisbury, Paul"]
[Black "Adam, David W"]
[Result "0-1"]
[WhiteElo "1802"]
[BlackElo "1855"]
[PlyCount "86"]
[EventDate "2016.01.08"]
[EventType "swiss"]
[EventRounds "5"]
[EventCountry "ENG"]
[SourceTitle "CBM 170 Extra"]
[Source "ChessBase"]
[SourceDate "2016.02.25"]
[SourceVersion "1"]
[SourceVersionDate "2016.02.25"]
[SourceQuality "1"]

1. e4 c5 2. Nf3 d6 3. c3 Nf6 4. Be2 Nc6 5. d4 e6 6. Nbd2 Be7 7. 0-0 0-0 8. Re1 Qc7 9. Bd3 Rd8 10. Nf1 b6 11. Ng3 Bb7 12. a3 Rd7 13. Bg5 h6 14. Bxf6 Bxf6 15. Nh5 Be7 16. Qe2 a6 17. Qe3 b5 18. Qf4 c4 19. Qg4 g6 20. Bc2 Kh7 21. e5 dxe5 22. dxe5 Rg8 23. Nf6+ Bxf6 24. exf6 Rd5 25. Rad1 Rxd1 26. Rxd1 Ne5 27. Ng5+ Kh8 28. Qh3 h5 29. Re1 Rd8 30. Rxe5 Rd2 31. Re1 Rxc2 32. Nxe6 Qe5 33. Rd1 Qxf6 34. Qe3 fxe6 35. Qh6+ Kg8 36. Rd8+ Qxd8 37. Qxg6+ Kf8 38. Qxc2 Qg5 39. f3 Bxf3 40. g3 Qe3+ 41. Kf1 Qd3+ 42. Qxd3 cxd3 43. Kf2 d2 0-1

[Event "Wetherby 4NCL op-B 6th"]
[Site "Wetherby"]
[Date "2016.01.08"]
[Round "1"]
[White "Andrews, Norman G"]
[Black "Salisbury, Paul"]
[Result "0-1"]
[WhiteElo "1563"]
[BlackElo "1802"]
[PlyCount "46"]
[EventDate "2016.01.08"]
[EventType "swiss"]
[EventRounds "5"]
[EventCountry "ENG"]
[SourceTitle "CBM 170 Extra"]
[Source "ChessBase"]
[SourceDate "2016.02.25"]
[SourceVersion "1"]
[SourceVersionDate "2016.02.25"]
[SourceQuality "1"]

1. e4 e5 2. Nf3 Nf6 3. Nxe5 d6 4. Nf3 Nxe4 5. Nc3 d5 6. Qe2 Be7 7. Nxe4 dxe4 8. Qxe4 0-0 9. Bd3 g6 10. 0-0 Re8 11. Qd4 Bd7 12. Re1 Nc6 13. Qf4 Bd6 14. Rxe8+ Qxe8 15. Qh6 Bf8 16. Qe3 Bg4 17. h3 Bxf3 18. gxf3 Qd7 19. f4 Re8 20. Qg3 Re1+ 21. Kg2 Bc5 22. Bb5 Qd5+ 23. f3 Rg1+ 0-1